Statistiques concernant Quelle capitale va avec ses drapeaux?

Cliquez ici pour prendre le quiz!

Statistiques générales

  • Ce quiz a été pris 105 fois
  • Le résultat moyen est 11 sur 16

Statistiques - réponses

Réponse% Correct
Ottawa
100%
Tirana
92%
New Delhi
91%
Beyrouth
90%
Vatican
88%
Islamabad
76%
Minsk
73%
Skopje
71%
Tbilissi
71%
Ljubljana
64%
Port-au-Prince
62%
Koweït
56%
Managua
55%
Dodoma
51%
Suva
46%
Port-d'Espagne
42%

Distribution des résultats

Percentile par nombre de réponses

% des personnes avec chaque résultat

Votre développement - résultats

Vous n’avez pas pris ce quiz